ARRUPE JESUIT UNIVERSITY

CORONAVIRUS -STOP THE SPREAD - CLEAN,DISINFECT,COVER

The Blackwell guide to the philosophy of computing and information / (Record no. 118549)

MARC details
000 -LEADER
fixed length control field 01298cam a22003014a 4500
001 - CONTROL NUMBER
control field 13120468
003 - CONTROL NUMBER IDENTIFIER
control field ARRUPE
005 - DATE AND TIME OF LATEST TRANSACTION
control field 20160208093051.0
008 - FIXED-LENGTH DATA ELEMENTS--GENERAL INFORMATION
fixed length control field 030312s2004 maua b 001 0 eng
010 ## - LIBRARY OF CONGRESS CONTROL NUMBER
LC control number 2003045339
020 ## - INTERNATIONAL STANDARD BOOK NUMBER
International Standard Book Number 0631229183 (alk. paper)
020 ## - INTERNATIONAL STANDARD BOOK NUMBER
International Standard Book Number 0631229191 (pbk. : alk. paper)
040 ## - CATALOGING SOURCE
Original cataloging agency DLC
Transcribing agency DLC
042 ## - AUTHENTICATION CODE
Authentication code pcc
050 00 - LIBRARY OF CONGRESS CALL NUMBER
Classification number QA76.167
Item number .B53 2004
300 ## - PHYSICAL DESCRIPTION
Other physical details ill. ;
Dimensions 26 cm.
245 04 - TITLE STATEMENT
Title The Blackwell guide to the philosophy of computing and information /
Statement of responsibility, etc edited by Luciano Floridi.
260 ## - PUBLICATION, DISTRIBUTION, ETC. (IMPRINT)
Place of publication, distribution, etc Malden, MA :
Name of publisher, distributor, etc Blackwell Pub.,
Date of publication, distribution, etc c2004.
300 ## - PHYSICAL DESCRIPTION
Extent xiv, 371 p. :
440 #0 - SERIES STATEMENT/ADDED ENTRY--TITLE
Title Blackwell philosophy guides
9 (RLIN) 3389
504 ## - BIBLIOGRAPHY, ETC. NOTE
Bibliography, etc Includes bibliographical references and index.
650 #0 - SUBJECT ADDED ENTRY--TOPICAL TERM
Topical term or geographic name as entry element Computer science
General subdivision Philosophy.
9 (RLIN) 3390
650 #0 - SUBJECT ADDED ENTRY--TOPICAL TERM
Topical term or geographic name as entry element Information technology
General subdivision Philosophy.
9 (RLIN) 3391
700 1# - ADDED ENTRY--PERSONAL NAME
Personal name Floridi, Luciano,
Dates associated with a name 1964-
9 (RLIN) 3392
856 ## - ELECTRONIC LOCATION AND ACCESS
Uniform Resource Identifier <a href="http://192.168.1.17/librarian/viewpdf.php?file=00715.pdf&title=The+Blackwell+Guide+to+the+Philosophy+of+Computing+and+Information+%28Blackwell+Philosophy+Guides%29.pdf">http://192.168.1.17/librarian/viewpdf.php?file=00715.pdf&title=The+Blackwell+Guide+to+the+Philosophy+of+Computing+and+Information+%28Blackwell+Philosophy+Guides%29.pdf</a>
906 ## - LOCAL DATA ELEMENT F, LDF (RLIN)
a 7
b cbc
c orignew
d 1
e ocip
f 20
g y-gencatlg
942 ## - ADDED ENTRY ELEMENTS (KOHA)
Source of classification or shelving scheme Library of Congress Classification
Koha item type Monograph ( Printed materials)
Holdings
Withdrawn status Lost status Source of classification or shelving scheme Damaged status Not for loan Home library Current library Shelving location Date acquired Total Checkouts Full call number Barcode Date last seen Date checked out Price effective from Koha item type
    Library of Congress Classification     ARRUPE LIBRARY ARRUPE LIBRARY Main Collection 06/11/2013 4 QA76.167 .B53 2004 46410865 13/05/2024 22/05/2023 06/11/2013 Monograph ( Printed materials)

 

Arrupe Library. PO Box MP320 Mt Pleasant, Harare, Zimbabwe
263 242 745411|librarian@aju.ac.zw